000 01378nam a2200301 i 4500
001 179012
003 ES-MaACL
005 20250815151603.0
008 110822s2008 sp |||| | spa d
020 _a978-84-9750-912-1
080 _a821.134.2 Valente, José Ángel 1.07
100 1 _aBenlabbah, Fatiha.
_9147672
245 1 0 _aEn el espacio de la mediación
_b: José Ángel Valente y el discurso místico /
_cFatiha Benlabbah ; [limiar = prólogo, Claudio Rodríguez Fer].
260 _aSantiago de Compostela :
_bUniversidade de Santiago de Compostela, Servizo de Publicacións e Intercambio Científico,
_c2008.
300 _a489 p. ;
_c22 cm.
490 1 _aPublicaciones de la Cátedra José Ángel Valente de Poesía y Estética ;
_v5
500 _aÍndice onomástico.
504 _aBibliografía: p. 443-473.
546 _aPrólogo en gallego, español, francés y árabe.
546 _aTexto en castellano.
600 1 7 _aValente, José Ángel,
_d1929-2000-
_xCrítica e interpretación
_2
_9144659
700 1 _aRodríguez Fer, Claudio,
_d1956-
_998513
710 2 _aUniversidad de Santiago de Compostela.
_97294
830 0 0 _aPublicaciones de la Cátedra José Ángel Valente de Poesía y Estética
_v5
_9224374
852 _aES-MaACL
_jA-11398
_9185881
_bR.144456
_cDEPO1
_dOlim: N-4402
942 _2udc
_cMONOGRAFIA
999 _c179012
_d179012